Quantum : (Record no. 239)

000 -LEADER
fixed length control field 01912cam a22005057a 4500
001 - CONTROL NUMBER
control field 12349941
003 - CONTROL NUMBER IDENTIFIER
control field LIBRIS
005 - DATE AND TIME OF LATEST TRANSACTION
control field 20210419054416.0
008 - FIXED-LENGTH DATA ELEMENTS--GENERAL INFORMATION
fixed length control field 111110t20102008nyuaf b 001 0 eng c
010 ## - LIBRARY OF CONGRESS CONTROL NUMBER
LC control number 2009051249
020 ## - INTERNATIONAL STANDARD BOOK NUMBER
International Standard Book Number 9780393078299
020 ## - INTERNATIONAL STANDARD BOOK NUMBER
International Standard Book Number 0393078299
020 ## - INTERNATIONAL STANDARD BOOK NUMBER
International Standard Book Number 9780393339888 (pbk.)
035 ## - SYSTEM CONTROL NUMBER
System control number (OCoLC)698352773
040 ## - CATALOGING SOURCE
Original cataloging agency MCT
Transcribing agency MCT
Modifying agency JRN
-- CDX
-- Uang
080 ## - UNIVERSAL DECIMAL CLASSIFICATION NUMBER
Universal Decimal Classification number 53
Item number K-91
082 04 - DEWEY DECIMAL CLASSIFICATION NUMBER
Classification number 530.12
Edition number 23
084 ## - OTHER CLASSIFICATION NUMBER
Classification number Ucceb
Number source kssb/8 (machine generated)
100 1# - MAIN ENTRY--PERSONAL NAME
Personal name Kumar, Manjit.
245 10 - TITLE STATEMENT
Title Quantum :
Remainder of title Einstein, Bohr, and the great debate about the nature of reality /
Statement of responsibility, etc. Manjit Kumar.
250 ## - EDITION STATEMENT
Edition statement 1st American ed.
260 ## - PUBLICATION, DISTRIBUTION, ETC.
Place of publication, distribution, etc. New York :
Name of publisher, distributor, etc. W.W. Norton,
Date of publication, distribution, etc. 2010, c2008.
300 ## - PHYSICAL DESCRIPTION
Extent xvi, 448 p., [16] p. of plates :
Other physical details ill. ;
Dimensions 24 cm.
365 ## - TRADE PRICE
Price amount 18.95 usd
504 ## - BIBLIOGRAPHY, ETC. NOTE
Bibliography, etc. note Includes bibliographical references (p. 387-438) and index.
520 ## - SUMMARY, ETC.
Summary, etc. Traces the development of quantum physics through the twentieth century, explaining its key concepts and exploring influential personalities such as Albert Einstein, Niels Bohr, Wolfgang Pauli, Erwin Schr�dinger, and others.
650 #0 - SUBJECT ADDED ENTRY--TOPICAL TERM
Topical term or geographic name entry element Quantum theory
General subdivision History
Form subdivision Popular works.
650 #7 - SUBJECT ADDED ENTRY--TOPICAL TERM
Topical term or geographic name entry element Kvantteori
Source of heading or term sao
Authority record control number or standard number 151631
650 #0 - SUBJECT ADDED ENTRY--TOPICAL TERM
Topical term or geographic name entry element Quantum theory
653 ## - INDEX TERM--UNCONTROLLED
Uncontrolled term ფიზიკა
653 ## - INDEX TERM--UNCONTROLLED
Uncontrolled term კვანტური თეორია
653 ## - INDEX TERM--UNCONTROLLED
Uncontrolled term ისტორია
942 ## - ADDED ENTRY ELEMENTS (KOHA)
Source of classification or shelving scheme
Koha item type Books
Edition 1
Holdings
Withdrawn status Lost status Source of classification or shelving scheme Damaged status Not for loan Permanent location Current location Date acquired Inventory number Full call number Barcode Date last seen Price effective from Koha item type
          Ken Walker International University Ken Walker International University 11/13/2020 261 53 K-91 261 11/13/2020 11/13/2020 Books

Powered by Koha